00599nam a22001817a 4500003000900000005001700009008004100026040001300067100004000080245003400120250001100154260002000165300001800185520007400203942001200277999001700289952011100306IT-RoPau20220918181102.0130315b xxu||||| |||| 00| 0 eng d cIT-RoPau aPerino, Renato, Sup. gen., SSP9458 aProvincia Italiana, 1990-1994 a1° ed aRomabSSPc1994 a12 pp.c21 cm aIndice 1. Visita canonica 2. Orientamenti Apostolici prov. Ital. SSP 2ddccBK c98245d98245 00102ddc406P_C371aPAULUSbPAULUSd2013-03-15l0oP C3pCDU AP 76r2013-03-15 00:00:00w2013-03-15yBK